[Event "IMSA Blitz Men 2019"]
[Site "Hengshui"]
[Date "2019.05.18"]
[Round "11.1"]
[White "Jones, Gawain C B"]
[Black "Wang, Hao"]
[Result "0-1"]
[WhiteElo "2702"]
[BlackElo "2735"]
[Annotator "TA"]
[PlyCount "108"]
[EventDate "2019.05.17"]
[EventType "blitz"]
[EventCountry "CHN"]
[SourceTitle "playchess.com"]
[Source "ChessBase"]
[SourceQuality "1"]

{[%evp 11,132,19,12,-2,22,32,44,-12,0,0,0,0,20,0,23,5,14,4,0,9,0,0,8,-39,-42,-28,-18,-60,-56,-121,-123,-143,-141,-187,-81,-89,-79,-82,-79,-77,-79,-72,-73,-72,-19,-21,-20,-31,-20,-30,-33,-27,-30,-77,-79,-133,-75,-77,-19,-92,-90,-90,-70,-102,-45,-55,-48,-61,-16,-9,73,-27,120,-27,-27,-115,-134,-297,-41,-374,-241,-202,-126,-126,-120,-407,-407,-395,-381,-422,-374,-412,-407,-401,-385,-612,-597,-597,-579,-741,-702,-930,-908,-29996,-753,-2122,-1856,-1976,-2437,-2202,-2100,-1791,-1758,-29976,-29977,-29983,-29984,-29984,-29985,-29985,-29985,-29983,-218]} 1. e4 e5 2. d4 exd4 3. Nf3 Nc6 4. Bc4 Nf6 5. e5 Ne4 6. Qe2 Nc5 $1 (6... Bb4+ $2 7. Kd1 $18) 7. O-O {C56: Two Knights: 4 d4 exd4 5 0-0 Nxe4} (7. c3 d3 8. Qe3 Be7 9. b4 Ne6 10. O-O d5 11. exd6 cxd6 12. Qxd3 O-O 13. Nbd2 a5 14. Rb1 axb4 15. cxb4 Nxb4 16. Rxb4 {0-1 (41) Vitiugov,N (2719)-Wang,H (2730) St Petersburg 2018}) 7... Be7 8. Rd1 Ne6 9. Bxe6 (9. c3 $1 $14) 9... dxe6 10. Be3 {[%cal Rf3d4]} Bd7 11. Bxd4 O-O 12. Nc3 Qe8 13. Be3 $146 ({Predecessor:} 13. Ne4 Nxd4 14. Rxd4 Bc6 {1-0 (32) Perez Gonzalez,J (2279)-Alvarez Abejon,A (2094) Madrid 2011}) 13... Rd8 14. Nb5 Rc8 15. a4 a6 $36 {[%mdl 2048] Black has good play.} 16. Nc3 Rd8 17. Bg5 Bxg5 18. Nxg5 {Threatens to win with Qe4.} h6 19. Nh3 Qe7 20. Rd3 (20. Qe3 $15) 20... Bc8 $1 $17 21. Rg3 Nd4 $1 {[%cal Rd4e2]} 22. Qc4 Nf5 (22... Nxc2 $19 {and Black stays clearly on top.} 23. Rc1 Nd4) 23. Rg4 c5 24. Ne4 Rd4 25. Nf6+ Kh8 26. Rxd4 cxd4 27. Ne4 Rd8 (27... Bd7 $17) 28. Rd1 Bd7 29. Ng3 {Black must now prevent Nxf5.} Bc6 30. Nxf5 exf5 31. Rxd4 Re8 32. Qe2 Qc5 ({Much weaker is} 32... Qxe5 33. Qxe5 Rxe5 34. Kf1 $11) 33. Qd2 (33. Qd1 $142) 33... Qxe5 ({Black should try} 33... Rxe5 34. Kf1 Bxa4 $1 {[%mdl 512]}) 34. f3 g5 (34... Qc5 $17 {...Re2! is the strong threat.} 35. Kh1 g5) 35. f4 {[#]} (35. Kf2 $11) 35... Qe1+ $1 36. Qxe1 Rxe1+ {[%mdl 4096] Endgame KRB-KRN} 37. Kf2 Rc1 ({Black should play} 37... Rh1 $17 {Strongly threatening ...g4.} 38. fxg5 Rxh2 39. gxh6 Rxg2+ 40. Ke1 Kh7) 38. Rc4 $15 f6 39. Ng1 $1 Kg7 40. Ne2 Rh1 (40... Rd1 $11) 41. Nd4 (41. Ng3 $16 Rxh2 {[#]} 42. Rxc6 $1 {[%mdl 512]} bxc6 43. Kg1) 41... Bd5 (41... Be4 $11 {keeps the balance.}) 42. Rc7+ (42. Nxf5+ $16 Kf8 43. Rc8+ Kf7 44. Rc7+ (44. Nxh6+ Ke6 $14) 44... Ke8 45. fxg5 hxg5 46. Ne3) 42... Kg6 $11 43. c4 (43. h3 $11 {remains equal.}) 43... Be4 $17 44. Nf3 $2 (44. fxg5 $17 {might work better.} fxg5 45. b4) 44... g4 $2 ({Weaker is} 44... gxf4 45. Rd7 $17) (44... Rb1 $19 45. Rd7 Rxb2+ 46. Rd2 Rb3) 45. Ne1 $2 {[%mdl 8192]} (45. Nd2 $15) 45... Rxh2 46. Kg1 g3 47. Rc8 Kf7 48. b4 $2 {[%mdl 8192]} (48. Rc7+ $17 Kg6 49. Rc8) 48... Rh4 $19 49. Rd8 Rxf4 50. Rd2 Rg4 51. b5 axb5 52. cxb5 Rg8 53. a5 (53. Kf1 $142) 53... Rc8 54. Kf1 Rc3 {Played: Rc8-c1} 0-1

[Event "IMSA Blitz Men 2019"]
[Site "Hengshui"]
[Date "2019.05.18"]
[Round "11.1"]
[White "Korobov, Anton"]
[Black "Yu, Yangyi"]
[Result "0-1"]
[WhiteElo "2687"]
[BlackElo "2739"]
[Annotator "TA"]
[PlyCount "92"]
[EventDate "2019.05.17"]
[EventType "blitz"]
[EventCountry "CHN"]
[SourceTitle "playchess.com"]
[Source "ChessBase"]
[SourceQuality "1"]

{[%evp 16,92,29,25,26,12,26,23,88,24,37,0,0,0,0,0,0,0,0,0,-3,-40,-29,-20,-22,-33,37,44,48,-10,104,110,92,32,34,47,56,21,16,18,25,3,29,27,35,30,33,28,146,146,168,168,215,215,318,320,309,309,364,250,275,235,359,293,293,293,370,208,208,208,1594,-540,-540,-862,-862,-728,-410,-6087,-5727]} 1. d4 Nf6 (1... d5 2. c4 e6 3. Nc3 Bb4 4. e3 Nf6 5. Nf3 O-O 6. Bd3 dxc4 7. Bxc4 c5 {½-½ (10) Bauer,C (2644)-Nisipeanu,L (2671) Maastricht 2018}) 2. c4 e6 3. Nc3 Bb4 4. e3 O-O 5. Bd3 c5 6. Nf3 d5 7. O-O dxc4 8. Bxc4 Bd7 9. Qe2 Bc6 {E54: Nimzo-Indian: Rubinstein: Main Line: 7...dxc4 8 Bxc4} 10. Rd1 cxd4 11. Nxd4 $146 ({Predecessor:} 11. exd4 Qa5 12. Ne5 Bxc3 13. bxc3 Bd5 14. Bxd5 exd5 15. Rd3 Qa6 16. Qc2 Nbd7 17. Rh3 Rfe8 {½-½ (17) Hybl,J-Vesely,J Prague 1963}) 11... Qe7 {[#]} (11... Qb6 $11) 12. Bd2 ({Better is} 12. e4 $1 $16) 12... a6 13. e4 Rd8 14. Bg5 {aiming for e5.} h6 15. Bh4 Bxc3 16. bxc3 g5 17. Bg3 $36 {[%mdl 2048] Black is under pressure.} Bxe4 18. f3 Bg6 19. Nxe6 Rxd1+ 20. Rxd1 Nc6 (20... fxe6 $15 21. Qxe6+ Qxe6 22. Bxe6+ Kf8) 21. Bd6 $14 Qe8 22. Nc5 ({White should try} 22. Nc7 $14 Qxe2 23. Bxe2) 22... Qxe2 (22... Na5 $1 $11 {remains equal.} 23. Bd3 Bxd3 24. Qxd3 Rd8) 23. Bxe2 $16 b5 24. Nxa6 (24. Bg3 $16 {Rd6 is the strong threat.} Ne7 25. c4) 24... Rxa6 $14 25. Bxb5 Rb6 26. c4 {[%mdl 1024] Hoping for Bc5. White has compensation.} Na7 $1 {[%cal Ra7b5]} 27. Bc5 Rb7 28. Rd8+ Kh7 29. Bd4 Ng8 30. a4 Nxb5 31. cxb5 {[#] Black must now prevent a5.} ({Inferior is} 31. axb5 Bd3 $17) 31... Bc2 (31... Bd3 $11) 32. a5 $16 {And now a6 would win.} Rxb5 33. a6 Ra5 34. a7 Ne7 (34... h5 {was necessary.} 35. a8=Q Rxa8 36. Rxa8 Bb3) 35. a8=Q $18 Rxa8 36. Rxa8 {[%mdl 4096] Endgame KRB-KBN} Bb3 37. Kf2 Nf5 38. Be5 Be6 (38... Ng7 {keeps fighting.} 39. Ra3 Bc4) 39. g4 Ng7 40. Kg3 h5 41. h3 (41. Bxg7 $142 h4+ 42. Kf2 Kxg7 43. Ra7) 41... hxg4 42. hxg4 Bd5 $2 (42... Kg6 43. Ra6 f6) 43. Kf2 $4 {[%mdl 8192]} (43. Ra5 $18 {was the only winning move.} Bc4 44. Bxg7 Kxg7 45. Rxg5+ Kf6 46. Rc5) 43... Bxa8 $19 44. Bf6 Kg6 45. Bd8 Ne6 46. Ba5 (46. Bb6 $142) 46... Nd4 {Accuracy: White = 39%, Black = 41%.} 0-1

[Event "IMSA Blitz Men 2019"]
[Site "Hengshui"]
[Date "2019.05.18"]
[Round "11.1"]
[White "Fedoseev, Vladimir"]
[Black "Dominguez Perez, Leinier"]
[Result "1-0"]
[WhiteElo "2683"]
[BlackElo "2750"]
[Annotator "TA"]
[PlyCount "71"]
[EventDate "2019.05.17"]
[EventType "blitz"]
[EventCountry "CHN"]
[SourceTitle "playchess.com"]
[Source "ChessBase"]
[SourceQuality "1"]

{[%evp 16,71,-6,-24,21,19,15,16,79,71,91,-34,-26,-49,-33,-32,-29,-43,21,-8,1,6,31,-6,-17,-3,0,-2,-2,-4,21,41,40,35,25,18,82,51,232,277,304,165,365,331,1538,1543,1427,1406,2767,1835,29977,1716,29991,29992,29992,29993,29993,29994]} 1. Nf3 d5 2. g3 Nf6 3. Bg2 e6 4. O-O Be7 5. d3 O-O 6. Nbd2 c5 7. e4 Nc6 8. Re1 Qc7 9. e5 Ng4 {[%cal Rg4e5] C00: French: Unusual White 2nd moves} (9... Nd7 10. Qe2 b5 11. Nf1 Bb7 12. Bf4 Rfc8 13. Ne3 Qd8 14. h4 h6 15. c3 b4 16. c4 Nb6 17. Rad1 Rc7 18. Ng4 Qf8 19. Qe3 Nd4 20. Nxd4 cxd4 {0-1 (44) Svidler,P (2760)-Kramnik,V (2800) Moscow 2018}) 10. Qe2 Nh6 11. c3 $146 ({Predecessor:} 11. Nb3 Nf5 12. g4 Nfd4 13. Nbxd4 Nxd4 14. Nxd4 cxd4 15. a3 Bd7 16. b3 Rac8 17. Ra2 {½-½ (68) Miller,E (2319)-Buhmann,R (2588) Apolda 2017}) 11... b5 (11... Nf5 $11 {keeps the balance.}) 12. Nf1 $16 Nf5 {[#]} 13. h4 ({White should play} 13. g4 $1 $16 {[%cal Rg4f5]} Nh6 14. h3) 13... b4 $15 14. h5 bxc3 15. bxc3 h6 16. Bf4 Rd8 (16... Rb8 $15) 17. Qd2 Kh7 18. N1h2 Ba6 19. g4 Nh4 20. Nxh4 Bxh4 21. Nf3 $36 {[%mdl 2048] White has the initiative.} Be7 22. g5 {[%cal Rg5h6]} hxg5 23. Nxg5+ Bxg5 24. Bxg5 Rh8 25. c4 {With the idea Qf4.} dxc4 (25... Nd4 $11 {remains equal.}) 26. dxc4 Bb7 $2 {[#]} (26... Nd4 $14) 27. Rab1 $1 $18 Rab8 28. h6 (28. Be4+ $142 Kg8 29. Qd6 Qxd6 30. exd6) 28... Nd4 $2 (28... g6 {might work better.}) 29. hxg7 Bxg2 $2 (29... Rhg8) 30. gxh8=Q+ Rxh8 31. Qd3+ Kg8 32. Kxg2 Qc6+ 33. Re4 (33. f3 $142 Qxf3+ 34. Qxf3 Rh2+ 35. Kg3 Nxf3 36. Kxf3 Rh5 37. Rb8+ Kh7 38. Bf6) 33... Rh5 34. Bf6 {White mates.} Kh7 35. f3 Nf5 36. Rb8 {Accuracy: White = 45%, Black = 27%.} 1-0

[Event "IMSA Blitz Men 2019"]
[Site "Hengshui"]
[Date "2019.05.18"]
[Round "11.1"]
[White "Gelfand, Boris"]
[Black "Leko, Peter"]
[Result "0-1"]
[WhiteElo "2676"]
[BlackElo "2674"]
[Annotator "TA"]
[PlyCount "80"]
[EventDate "2019.05.17"]
[EventType "blitz"]
[EventCountry "CHN"]
[SourceTitle "playchess.com"]
[Source "ChessBase"]
[SourceQuality "1"]

{[%evp 22,80,13,-25,-25,-21,-19,-20,-20,-16,-20,-17,-20,-20,-17,-35,-25,-28,-25,-25,-29,-28,-25,-30,-22,-16,-19,-26,-33,-61,-65,-68,-77,-58,-44,-70,-41,-73,-71,-226,-226,-219,-216,-222,-160,-157,-166,-268,-263,-266,-254,-272,-242,-739,-701,-1313,-1279,-939,-554,-509,-498]} 1. c4 c5 2. Nf3 Nf6 3. Nc3 Nc6 4. e3 e6 5. d4 d5 6. cxd5 Nxd5 7. Bd3 Be7 8. O-O O-O 9. a3 cxd4 10. exd4 b6 11. Qc2 Nf6 12. Ne4 Bb7 {D42: Queen's Gambit Declined: Semi-Tarrasch: 5 cxd5 Nxd5 6 e3 Nc6 7 Bd3} (12... Nxd4 13. Nxd4 Qxd4 14. Nxf6+ Qxf6 15. Bxh7+ Kh8 16. Be4 Ba6 17. Re1 Rac8 18. Qa4 Bc4 19. Qxa7 Bc5 20. Be3 Qxb2 21. Bxc5 bxc5 {1-0 (62) Lenic,L (2659)-Motuz,K (2348) Velky Cetin 2018}) 13. Nxf6+ Bxf6 14. Bxh7+ Kh8 {Strongly threatening ...g6.The position is equal.} 15. Be4 Nxd4 16. Nxd4 Bxe4 17. Qxe4 {Black must now prevent Be3.} Qxd4 18. Qf3 $146 ({Predecessor:} 18. Qb7 Kg8 19. Rb1 Rfd8 20. Be3 {0-1 (52) Pachia,M (1780)-Tincu,R (2215) Ghiocelul 2000}) 18... Rac8 19. Rb1 Rfd8 20. Be3 Qd5 21. Qg4 Kg8 22. Qa4 Qb7 23. h3 a6 24. Rfd1 b5 $36 {[%mdl 2048] Black has the initiative.} 25. Qb3 Qe4 26. Rxd8+ Rxd8 27. Rc1 Rd3 28. Qc2 Qd5 29. Qc8+ {[#]} Kh7 $1 30. Qxa6 $2 (30. Qc2 $17 {was called for.} g6 31. Qe2) 30... Bxb2 $19 {[%mdl 64] Double Attack} 31. Rb1 Rxa3 32. Qc8 {aiming for Qc2+.} Bf6 33. Qc2+ g6 34. Rd1 {[#]} (34. Qc7 $142 Kg7 35. Bh6+ Kg8 36. Qb8+ Kh7 37. Qf4) 34... Ra1 $1 {[%cal Ra1d1]} 35. Rxa1 Bxa1 36. Qc7 Kg7 37. g3 $2 (37. Qe7) 37... b4 {[%cal Bb5b4,Bb4b3][%mdl 32] Black is clearly winning.} 38. Bc5 b3 39. Qe7 Qa8 {...Bf6 is the strong threat.} 40. Qd6 Bf6 {Accuracy: White = 45%, Black = 69%.} 0-1

[Event "IMSA Blitz Men 2019"]
[Site "Hengshui"]
[Date "2019.05.18"]
[Round "11.1"]
[White "Cheparinov, Ivan"]
[Black "Andreikin, Dmitry"]
[Result "1/2-1/2"]
[WhiteElo "2667"]
[BlackElo "2722"]
[Annotator "TA"]
[PlyCount "138"]
[EventDate "2019.05.17"]
[EventType "blitz"]
[EventCountry "CHN"]
[SourceTitle "playchess.com"]
[Source "ChessBase"]
[SourceQuality "1"]

{[%evp 14,138,29,30,22,31,23,13,14,14,21,14,18,16,15,12,14,14,14,13,14,14,16,12,12,12,27,0,0,0,0,0,8,0,0,0,0,0,0,-8,-8,-11,0,-6,-4,0,0,0,0,0,0,0,0,0,0,0,0,0,0,-16,-16,-16,-16,-16,-16,-16,-16,-16,-16,-16,-16,-16,-16,-38,-38,-38,-38,-38,-38,-38,-38,-38,-38,-33,-21,-28,-21,-21,-21,-21,-21,-21,-21,-21,-21,-21,-16,-21,-21,-21,-21,-64,-64,-79,-21,-21,-21,-21,-21,-28,0,-29,0,-29,-16,-16,0,-16,-16,-16,0,-16,0,-16,0,-16,0]} 1. d4 Nf6 2. c4 e6 3. Nf3 d5 4. Nc3 Nbd7 {[%cal Bb8d7,Bd7b6,Bb6d5][%mdl 32]} 5. Bf4 dxc4 6. e3 Nd5 7. Bxc4 Nxf4 8. exf4 Nb6 {D37: Queen's Gambit Declined: 5 Bf4} 9. Bd3 (9. Bb3 Bd6 10. g3 Bd7 11. O-O O-O 12. Qd3 Bc6 13. Rad1 Qf6 14. Ne5 Bxe5 15. fxe5 Qf3 16. Qxf3 Bxf3 {½-½ (32) Wojtaszek,R (2727)-Wang,H (2722) Porto Carras 2018}) 9... g6 10. Qe2 Bg7 11. Rd1 Bd7 $146 ({Predecessor:} 11... O-O 12. g3 Nd5 13. Ne4 b6 14. a3 Bb7 15. Ba6 Bxa6 16. Qxa6 {1-0 (60) Rozum,I (2553)-Ziatdinov,R (2348) Samara 2014}) 12. Be4 c6 13. g3 Nd5 14. O-O O-O 15. Ne5 Qc7 16. Rc1 Nxc3 17. Rxc3 Rfd8 18. h4 Be8 19. Rd1 Rd6 20. h5 Rad8 21. hxg6 hxg6 22. Rcd3 b6 23. Qc2 (23. b4 {is more complex.} c5 24. dxc5 Rxd3 25. Rxd3 Rc8 26. Rc3) 23... c5 24. dxc5 bxc5 25. Rxd6 Rxd6 26. Rxd6 Qxd6 27. Nc4 Qd4 28. b3 Bb5 29. Kg2 Bxc4 (29... Kf8 {seems wilder.} 30. Bf3 Bf6 31. Be2 Qc3 32. Qxc3 Bxc3 33. Kf1 a5) 30. Qxc4 Qxc4 31. bxc4 $11 {[%mdl 4096] Endgame KB-KB} f5 32. Bc6 Kf7 33. Kf3 Bd4 34. Ke2 Kf6 35. Be8 g5 36. Bc6 gxf4 37. gxf4 Bb2 38. Bb5 Bc1 39. Kf3 Ke7 40. Bc6 Kd6 41. Be8 Kc7 42. Bf7 Kd7 43. Bg8 Ke7 44. Kg3 Bd2 45. Kf3 Kf6 46. Kg3 Bc1 47. Kf3 Ba3 48. Kg3 a5 {[%cal Ba7a5,Ba5a4,Ba4a3][%mdl 32]} 49. Kf3 a4 50. Kg3 Bb2 51. Kf3 a3 52. Kg3 Bc3 53. Kf3 Ba5 54. Ke3 Bc7 55. Kf3 Bd6 56. Ke3 Bf8 57. Kf3 Bh6 58. Kg3 Ke7 (58... e5 $17) 59. Kf3 Bg7 60. Kg3 Bd4 61. Kf3 Kf6 62. Kg3 Ke7 63. Kf3 Kd6 64. Bf7 {The position is equal.} Ke7 65. Bh5 Bc3 66. Ke3 Bd4+ 67. Kf3 Bc3 68. Ke3 Bd4+ 69. Kf3 Bc3 {Accuracy: White = 64%, Black = 76%.} 1/2-1/2

[Event "IMSA Blitz Men 2019"]
[Site "Hengshui"]
[Date "2019.05.18"]
[Round "11.2"]
[White "Dominguez Perez, Leinier"]
[Black "Fedoseev, Vladimir"]
[Result "0-1"]
[WhiteElo "2750"]
[BlackElo "2683"]
[Annotator "TA"]
[PlyCount "64"]
[EventDate "2019.05.17"]
[EventType "blitz"]
[EventCountry "CHN"]
[SourceTitle "playchess.com"]
[Source "ChessBase"]
[SourceQuality "1"]

{[%evp 19,154,9,9,9,9,10,16,16,26,26,47,23,72,55,66,30,50,37,60,18,86,64,105,45,75,48,47,42,44,49,48,-119,-99,-103,-90,-102,0,0,0,0,0,0,0,0,0,0,0,0,0,0,0,0,0,0,11,22,37,0,0,0,0,0,0,0,0,0,0,0,0,0,0,0,0,0,0,0,0,0,0,0,0,0,0,0,0,0,0,0,0,0,0,0,0,0,0,0,0,0,0,0,0,0,0,-12,-12,-12,-12,-12,-12,-13,0,0,0,0,0,-8,0,-18,-15,-109,-103,-179,-138,-187,-187,-187,-187,-187,0,-187,-179,-29985,-29986,-29986,-29987,-29987,-29988]} 1. e4 c5 2. Nf3 d6 3. Bb5+ Nd7 4. d4 cxd4 5. Qxd4 a6 6. Bxd7+ Bxd7 7. Nc3 e5 8. Qd3 h6 9. Nd2 Nf6 10. Nc4 Be6 11. Ne3 {B51: Sicilian: Moscow Variation (3 Bb5+) without 3...Bd7} Rc8 12. O-O Be7 13. Rd1 {The position is equal.} O-O 14. a4 {[#]} Rc6 $146 ({Predecessor:} 14... Qb6 15. a5 Qc5 16. Bd2 {0-1 (40) Predojevic,B (2621)-Saric,I (2662) Germany 2018}) 15. Bd2 Qb8 16. a5 (16. Ncd5 $5 {[%cal Rd5e7]} Qd8 17. b3 $14) 16... Bd8 17. Na4 Nh5 18. c4 Nf4 19. Qf1 $1 Bg5 (19... Qc8 $11) 20. Nb6 Qd8 21. Ned5 (21. b4 $16) 21... Ng6 22. Bxg5 Qxg5 23. Nb4 Rc7 24. Rxd6 Nf4 25. Ra3 $2 (25. N4d5 $14 {stays ahead.}) 25... Bxc4 26. Nxc4 Rxc4 {[%mdl 64] Double Attack} 27. Rg3 {[#]} Qe7 (27... Rc1 $1 $17 {[%mdl 512]} 28. Rd1 (28. Qxc1 Ne2+) 28... Rxd1 29. Qxd1 Qd8) 28. Qxc4 $11 Qxd6 29. Nd5 Rd8 30. h3 Nxd5 31. Rd3 $1 {[%cal Rd3d5][%mdl 64] Pin} Qc6 32. Qb3 {[%mdl 64] Pin} Rd7 {Played: Qc6-c5} 0-1

[Event "IMSA Blitz Men 2019"]
[Site "Hengshui"]
[Date "2019.05.18"]
[Round "11.2"]
[White "Yu, Yangyi"]
[Black "Korobov, Anton"]
[Result "0-1"]
[WhiteElo "2739"]
[BlackElo "2687"]
[Annotator "RC"]
[PlyCount "108"]
[EventDate "2019.05.17"]
[EventType "blitz"]
[EventCountry "CHN"]
[SourceTitle "playchess.com"]
[Source "ChessBase"]
[SourceQuality "1"]
[TimeControl "180+2"]

1. e4 {[%emt 0:00:00]} c5 {[%emt 0:00:00]} 2. Nf3 {[%emt 0:00:00]} Nc6 {[%emt 0:00:00]} 3. d4 {[%emt 0:00:02]} cxd4 {[%emt 0:00:01]} 4. Nxd4 {[%emt 0:00:01]} Qb6 {[%emt 0:00:01]} 5. Nb3 {[%emt 0:00:03]} Nf6 {[%emt 0:00:02]} 6. Nc3 {[%emt 0:00:00]} e6 {[%emt 0:00:01]} 7. Be3 {[%emt 0:00:02]} Qc7 {[%emt 0:00:02]} 8. Bd3 {[%emt 0:00:01]} a6 {[%emt 0:00:02]} 9. f4 {[%emt 0:00:02]} d6 {[%emt 0:00:01]} 10. Qf3 {[%emt 0:00:02]} Be7 {[%emt 0:00:02]} 11. g4 {[%emt 0:00:01]} b5 {[%emt 0:00:02]} 12. g5 {[%emt 0:00:01]} Nd7 {[%emt 0:00:01]} 13. O-O-O {[%emt 0:00:01]} Nb4 {[%emt 0:00:07]} 14. Kb1 {[%emt 0:00:01]} Bb7 {[%emt 0:00:01]} 15. Rhg1 {[%emt 0:00:06]} O-O {[%emt 0:00:16]} 16. Rg3 {[%emt 0:00:04]} Nxd3 {[%emt 0:00:22]} 17. cxd3 {[%emt 0:00:02]} f5 {[%emt 0:00:05]} 18. gxf6 {[%emt 0:00:15]} Bxf6 {[%emt 0:00:02]} 19. Qg4 {[%emt 0:00:25]} Rae8 {[%emt 0:00:01]} 20. Rc1 {[%emt 0:00:18]} Qd8 {[%emt 0:00:02]} 21. Rh3 {[%emt 0:00:05]} g6 {[%emt 0:00:10]} 22. Nd4 {[%emt 0:00:10]} Qe7 {[%emt 0:00:09]} 23. Nf3 {[%emt 0:00:22]} Nc5 {[%emt 0:00:08]} 24. Bxc5 {[%emt 0:00:18]} dxc5 {[%emt 0:00:01]} 25. Rg3 {[%emt 0:00:24]} c4 {[%emt 0:00:05]} 26. dxc4 {[%emt 0:00:05]} Bxc3 {[%emt 0:00:10]} 27. Rxc3 {[%emt 0:00:03]} Bxe4+ {[%emt 0:00:02]} 28. Ka1 {[%emt 0:00:01]} Qd6 {[%emt 0:00:08]} 29. Ng5 {[%emt 0:00:31]} Rxf4 {[%emt 0:00:12]} 30. Qe2 {[%emt 0:00:02]} Bf5 {[%emt 0:00:09]} 31. Rg1 {[%emt 0:00:09]} bxc4 {[%emt 0:00:04]} 32. Qe3 {[%emt 0:00:10]} Qd4 {[%emt 0:00:06]} 33. Qxd4 {[%emt 0:00:05]} Rxd4 34. Nf3 Rd3 {[%emt 0:00:04]} 35. Ne5 {[%emt 0:00:01]} Rxc3 {[%emt 0:00:06]} 36. bxc3 {[%emt 0:00:01]} Rd8 {[%emt 0:00:07]} 37. Rg2 {[%emt 0:00:13]} Rd5 {[%emt 0:00:10]} 38. Nc6 {[%emt 0:00:03]} Kg7 {[%emt 0:00:04]} 39. Kb2 {[%emt 0:00:02]} e5 {[%emt 0:00:06]} 40. Nb4 {[%emt 0:00:02]} Rd6 {[%emt 0:00:04]} 41. a4 {[%emt 0:00:05]} a5 {[%emt 0:00:02]} 42. Na2 {[%emt 0:00:00]} Kf6 {[%emt 0:00:03]} 43. Nc1 {[%emt 0:00:02]} h5 {[%emt 0:00:04]} 44. h4 {[%emt 0:00:02]} Bg4 {[%emt 0:00:03]} 45. Rf2+ {[%emt 0:00:01]} Ke6 {[%emt 0:00:02]} 46. Kc2 {[%emt 0:00:02]} Bf5+ {[%emt 0:00:06]} 47. Kb2 {[%emt 0:00:01]} e4 {[%emt 0:00:01]} 48. Ne2 {[%emt 0:00:01]} Ke5 {[%emt 0:00:04]} 49. Nd4 {[%emt 0:00:02]} e3 {[%emt 0:00:03]} 50. Rh2 {[%emt 0:00:06]} Rxd4 {[%emt 0:00:03]} 51. cxd4+ {[%emt 0:00:01]} Kxd4 {[%emt 0:00:01]} 52. Kc1 {[%emt 0:00:03]} c3 {[%emt 0:00:01]} 53. Rg2 {[%emt 0:00:01]} Bg4 {[%emt 0:00:01]} 54. Rg1 Kd3 0-1

[Event "IMSA Blitz Men 2019"]
[Site "Hengshui"]
[Date "2019.05.18"]
[Round "11.2"]
[White "Rapport, Richard"]
[Black "Le, Quang Liem"]
[Result "1-0"]
[WhiteElo "2736"]
[BlackElo "2704"]
[Annotator "TA"]
[PlyCount "67"]
[EventDate "2019.05.17"]
[EventType "blitz"]
[EventCountry "CHN"]
[SourceTitle "playchess.com"]
[Source "ChessBase"]
[SourceQuality "1"]

{[%evp 9,71,9,27,16,12,16,4,3,35,38,33,35,36,47,36,25,39,26,33,0,7,-133,-134,-133,-122,-149,-101,-104,-76,-331,-328,-321,9,-18,0,0,0,0,0,-100,415,399,405,386,575,551,493,0,29985,29981,29978,29979,29989,29982,29982,29983,29983,29984,29983,29984,29985,29986,29980,29974]} 1. b3 e5 2. Bb2 Nc6 3. c4 g6 4. g3 Bg7 5. Bg2 f5 (5... Nge7 6. Nc3 d6 7. d3 O-O 8. e3 Be6 9. Nd5 Qd7 10. Ne2 Nd8 11. h3 f5 12. f4 c6 13. Ndc3 Bf7 14. Qd2 Ne6 15. O-O h6 16. Rad1 Rad8 {½-½ (16) Iturrizaga Bonelli,E (2624)-Baryshpolets,A (2551) Benasque 2016}) 6. Nc3 {A01: Nimzowitsch-Larsen Opening} Nf6 7. e3 O-O 8. Nge2 {The position is equal.} Ne7 $146 ({Predecessor:} 8... d6 9. Nd5 Ne7 10. Nxf6+ Bxf6 11. O-O d5 12. cxd5 Nxd5 {½-½ (42) Hrdina,R (2219)-Mirzoeva,E (2290) Prague 2018}) 9. d4 e4 10. d5 d6 11. h4 Ng4 12. Nf4 Ne5 13. Qc2 a6 14. a4 c5 15. h5 (15. Rd1 $11) 15... g5 $17 16. h6 {Threatens to win with Ne6.} Bh8 17. Nxe4 fxe4 18. Bxe4 gxf4 19. Bxh7+ $2 {[%mdl 8192]} (19. gxf4 $17 N5g6 20. Bxh8 Nxh8 21. Bxh7+ Kf7 22. Ke2) 19... Kf7 $19 20. gxf4 N5g6 $2 ({Black should try} 20... Nf3+ $19 21. Kd1 Qd7) 21. Rh5 Bxb2 22. Qxb2 Ke8 {And now ...Bf5 would win.} 23. Qg7 $1 Nh8 24. O-O-O (24. e4 $1 $11) 24... Nf5 $2 {[%mdl 8192]} (24... Bf5 $17 {aiming for ...Bxh7.} 25. Bxf5 Nxf5 26. Rxf5 Rxf5 27. Qxh8+ Rf8) 25. Bg6+ $1 $18 Nxg6 26. Qxg6+ Ke7 (26... Kd7 {was worth a try.} 27. Rxf5 Kc7 28. Rf7+ Rxf7 29. Qxf7+ Kb6) 27. h7 Rh8 28. Rxf5 $2 (28. e4 $18 Qf8 29. exf5) 28... Qe8 $2 {[%mdl 8192] [#]} (28... Bxf5 $11 29. Qg7+ (29. Qxf5 Qf8 $11) 29... Ke8 30. Qxh8+ Kf7 31. Qxd8 Rxd8) 29. Qg7+ {White mates.} Kd8 30. Rf7 Bg4 31. Qg5+ Kc8 32. Qxg4+ Kb8 33. Qg7 Qc8 {[#]} 34. Rg1 {Played: Rf7-c7} 1-0